| 000 | 00828cam a22002533a 4500 | ||
|---|---|---|---|
| 001 | 2315 | ||
| 003 | PGUSA | ||
| 005 | 20140828083013.0 | ||
| 008 | 000901s2000||||xxu|||||s|||||000 1 eng d | ||
| 040 |
_aPGUSA _beng |
||
| 042 | _adc | ||
| 050 | 4 | _aPZ | |
| 100 | 1 |
_aWiggin, Kate Douglas Smith, _d1856-1923 |
|
| 245 | 1 | 4 |
_aThe Flag-Raising _h[electronic resource] / _cKate Douglas Smith Wiggin |
| 260 |
_bProject Gutenberg, _c2000 |
||
| 505 | 0 | _aA difference in hearts — Rebecca's point of view — Wisdom's ways — The saving of the colors — The state o' Maine girl | |
| 506 | _aPublic domain in the USA. | ||
| 516 | _aElectronic text | ||
| 653 | _aUnited States -- Juvenile fiction | ||
| 653 | _aShort stories | ||
| 830 | 0 |
_aProject Gutenberg _v2315 |
|
| 856 | 4 | 0 | _uhttp://www.gutenberg.org/ebooks/2315 |
| 942 | _cEB | ||
| 999 |
_c231652 _d231652 |
||